Normal view
MARC view
Entry Personal Name
001 - CONTROL NUMBER
- control field: 1139494
003 - CONTROL NUMBER IDENTIFIER
- control field: OSt
005 - DATE AND TIME OF LATEST TRANSACTION
- control field: 20260324111648.0
008 - FIXED-LENGTH DATA ELEMENTS
- fixed length control field: 260324|| aca||aabn | a|a d
040 ## - CATALOGING SOURCE
- Original cataloging agency: OSt
- Transcribing agency: OSt
100 ## - HEADING--PERSONAL NAME
- Personal name: Kristin S. Williams; Albert J Mills; Heidi Weigand
670 ## - SOURCE DATA FOUND
- Source citation: Work cat.: (OSt)1728389: Kristin S. Williams; Albert J Mills; Heidi Weigand, Management Education in Canada
